=LDR 00000nam 2200000 4500 =001 INLIS000000000003970 =005 20250617102756 =035 ##$$a 0010-0625000175 =007 ta =008 250617################f##########0#ind## =245 1#$$a Penelitian Profil Keluarga Sejahtera Di Daerah Tertinggal Propinsi Jawa Barat, Jawa Tengah, Dan Sumatra Selatan /$c Ikatan Sosiologi Indonesia =260 ##$$a Jakarta :$b Badan Koordinasi Keluarga Berencana Nasional (BKKBN),$c 1994 =300 ##$$a vi, 118 hlm. =110 2#$$a Ikatan Sosiologi Indonesia =710 2#$$a Badan Koordinasi Keluarga Berencana Nasional (BKKBN) =082 ##$$a 304.66 =084 ##$$a 304.66 IKA p =650 #4$$a Keluarga Sejahtera =650 #4$$a Keluarga Berencana =650 #4$$a Perencanaan Keluarga